000 00403nam a2200145Ia 4500
008 230411s9999 xx 000 0 und d
020 _a81-239-1518-7
041 _aeng
082 _aCH/610.7343/SHU/B05801
100 _aShukla Anurag
_9178735
245 _aPreventive And Social Medicine
260 _bCBS Publishers & Distributors
_aNew Delhi
_c2007
300 _a524p
999 _c156285
_d156285